Socios Comerciales más Grandes - Israel - Estadísticas

Estadísticas generales
  • Esta prueba ha sido intentada 92 veces
  • La puntuación promedio es 15 de 19
Estadísticas de respuestas
exp. imp. país % Correcto
18,1 bil 8,09 bil Estados Unidos
100%
8,56 bil 7,81 bil China
99%
0,79 bil 1,35 bil España
95%
1,69 bil 1,61 bil Francia
95%
3,99 bil 2,27 bil Reino Unido
91%
1,44 bil 3,81 bil Alemania
90%
0,85 bil 2,49 bil Italia
89%
1,70 bil 2,45 bil Turquía
83%
0,77 bil 1,20 bil Japón
81%
2,15 bil 2,42 bil Países Bajos
81%
2,49 bil 3,27 bil Bélgica
79%
2,25 bil 1,88 bil India
79%
0,74 bil Brasil
78%
1,14 bil Corea del Sur
74%
1,50 bil 4,43 bil Suiza
65%
1,30 bil Irlanda
64%
0,80 bil Taiwán
50%
1,42 bil Malasia
43%
1,79 bil Vietnam
41%
No se encontraron pruebas coincidentes
Distribución de puntuación
Porcentaje de gente con cada puntuación
Porcentaje por número respondido
Historial de tus puntuaciones
No has intentado esta prueba.